00431 2200169 4500001002100000005001700021008004100038020001800079035002500097041000700122082000800129090001400137100001200151245004000163260004600203650001200249INLIS0000000000044070:yyyyMMddHHmmss180719||||||||| | ||| |||| || |  a979-678-486-6 a0010-031300000004407 aid0 a330 a330 NUR p0 anurmala00aPelajaran ekonomi untuk SMU kelas 3 aBandungbPT SARANA PANCA KARYA NUSAc2005 0aekonomi